000 00663nam a2200217 i 4500
001 bgj
245 0 _aLatin poetry in verse translation :
_bfrom the beginnings to the Reinassance /
_cedited by L. R. Lind.
260 _aBoston :
_bHoughton Mifflin Company,
_cc. 1957.
300 _aXXXIX, 438 pp ;
_c21 cm.
505 _aIncludes indexes.
650 9 _aLatin poetry
650 9 _aLatin poetry, medieval and modern
651 9 _aRome
655 _aTranslations into English
655 _aPoetry
700 1 _aLIND, [Levi] [Robert]
_d(1906- ).
_eeditor
040 _cBPK
041 1 _aeng
_hlat
942 _cKS
008 s uk f |000 0 eng
999 _c48871
_d48871
856 _uhttp://koha.tu.koszalin.pl/cgi-bin/koha/opac-detail.pl?biblionumber=48871
_yKatalog online BPK